01673nam a2200409 a 4500001001200000003000800012006001900020007001500039008004100054010001700095015001900112016001800131020002600149020002300175040002100198035002100219050002300240082001800263100002500281245013000306260004800436300002600484490004200510504005100552505015800603533015200761650001600913650001700929650003400946650002700980655002901007700002401036710001701060830004301077856012601120999001701246ebr10296502CaPaEBRm u cr cn|||||||||080111s2008 njua sb 001 0 eng  z 2008001411 aGBA8224472bnb7 z0145306722Uk z9780470259559 (cloth) z0470259558 (cloth) aCaPaEBRcCaPaEBR a(OCoLC)60862392214aHD31b.A984 2008eb04a658.4/0132221 aAziza, Bruno,d1975-10aDrive business performanceh[electronic resource] :benabling a culture of intelligent execution /cBruno Aziza & Joey Fitts. aHoboken, N.J. :bJohn Wiley & Sons,cc2008. axxxiv, 286 p. :bill.1 aMicrosoft executive leadership series aIncludes bibliographical references and index.0 aThe six stages of performance management -- Managing performance -- Monitor -- Analyze -- Plan -- Pull it all together: what's your organization's stage? aElectronic reproduction.bPalo Alto, Calif. :cebrary,d2013.nAvailable via World Wide Web.nAccess may be limited to ebrary affiliated libraries. 0aManagement. 0aPerformance. 0aOrganizational effectiveness. 0aIndustrial efficiency. 7aElectronic books.2local1 aFitts, Joey,d1972-2 aebrary, Inc. 0aMicrosoft executive leadership series.40uhttp://site.ebrary.com/lib/rucke/Doc?id=10296502zAn electronic book accessible through the World Wide Web; click to view c77345d77345